Southville International School and Colleges
Your cart is empty.
  • Cart
  • Lists
    Public lists Eva Luna New books Lux_list list_1
    Your lists Log in to create your own lists
  • Log in to your account
  • Your cookies
  • Search history
Southville International School and Colleges
  • Advanced search
  • Recent comments
  • Most popular
  • Libraries

Log in to your account

Log in with GOOGLE


If you do not have an external account, but do have a local account, you can still log in:

  1. Home
  2. MARC view: Όραμα και Μεταμόρφωση :
Normal view MARC view ISBD view

Όραμα και Μεταμόρφωση : (Record no. 233429)

[ view plain ]
MARC details
000 -LEADER
fixed length control field 00982cam a22002653a 4500
001 - CONTROL NUMBER
control field 4100
003 - CONTROL NUMBER IDENTIFIER
control field PGUSA
005 - DATE AND TIME OF LATEST TRANSACTION
control field 20140828083048.0
008 - FIXED-LENGTH DATA ELEMENTS--GENERAL INFORMATION
fixed length control field 030501s2003||||xxu|||||s|||||000 | eng d
040 ## - CATALOGING SOURCE
Original cataloging agency PGUSA
Language of cataloging eng
042 ## - AUTHENTICATION CODE
Authentication code dc
050 #4 - LIBRARY OF CONGRESS CALL NUMBER
Classification number BQ
100 1# - MAIN ENTRY--PERSONAL NAME
Personal name Sangharakshita, Bhikshu,
Dates associated with a name 1925-
245 10 - TITLE STATEMENT
Title Όραμα και Μεταμόρφωση :
Remainder of title Μια εισαγωγή στο Ευγενές Οκταπλό Μονοπάτι του Βούδδα
Medium [electronic resource] /
Statement of responsibility, etc Bhikshu Sangharakshita
260 ## - PUBLICATION, DISTRIBUTION, ETC. (IMPRINT)
Name of publisher, distributor, etc Project Gutenberg,
Date of publication, distribution, etc 2003
506 ## - RESTRICTIONS ON ACCESS NOTE
Terms governing access Copyrighted. Read the copyright notice inside this book for details.
516 ## - TYPE OF COMPUTER FILE OR DATA NOTE
Type of computer file or data note Electronic text
653 ## - INDEX TERM--UNCONTROLLED
Uncontrolled term Sangharakshita, Bhikshu, 1925-
653 ## - INDEX TERM--UNCONTROLLED
Uncontrolled term Religious life -- Buddhism
700 1# - ADDED ENTRY--PERSONAL NAME
Personal name Doikas, Spiros
740 0# - ADDED ENTRY--UNCONTROLLED RELATED/ANALYTICAL TITLE
Uncontrolled related/analytical title Vision and Transformation : An Introduction to the Buddha's Noble Eightfold Path
830 #0 - SERIES ADDED ENTRY--UNIFORM TITLE
Uniform title Project Gutenberg
Volume number/sequential designation 4100
856 40 - ELECTRONIC LOCATION AND ACCESS
Uniform Resource Identifier <a href="http://www.gutenberg.org/ebooks/4100">http://www.gutenberg.org/ebooks/4100</a>
942 ## - ADDED ENTRY ELEMENTS (KOHA)
Koha item type eBooks
Holdings
Withdrawn status Lost status Damaged status Home library Current library Date acquired Total Checkouts Date last seen Price effective from Koha item type
      Project Gutenberg Project Gutenberg 08/28/2014   08/28/2014 08/28/2014 eBooks

Όραμα και Μεταμόρφωση :

APA

Sangharakshita B., Doikas S., . (2003). Όραμα και Μεταμόρφωση. : Project Gutenberg.

Chicago

Sangharakshita Bhikshu, Doikas Spiros, . 2003. Όραμα και Μεταμόρφωση. : Project Gutenberg.

Harvard

Sangharakshita B., Doikas S., . (2003). Όραμα και Μεταμόρφωση. : Project Gutenberg.

MLA

Sangharakshita Bhikshu, Doikas Spiros, . Όραμα και Μεταμόρφωση. : Project Gutenberg. 2003.

  • Place hold
  • Print
  • Cite
  • Add to your cart (remove)
  • Save record
    BIBTEX Dublin Core MARCXML MARC (non-Unicode/MARC-8) MARC (Unicode/UTF-8) MARC (Unicode/UTF-8, Standard) MODS (XML) RIS
  • More searches
    Search for this title in:
    Other Libraries (WorldCat) Other Databases (Google Scholar) Online Stores (Bookfinder.com) Open Library (openlibrary.org)

Exporting to Dublin Core...

SOUTHVILLE LIBRARY

Southville International School and Colleges Library

1281 Tropical Ave. Cor. Luxembourg St., BF Homes International, Las Pinas City

Tel. No. 8256374 / 252358 Loc. 117/146

Powered by Koha